[Event "AUTO-OPEN-430"]
[Site "http://www.queenalice.com/game.php?id=121539"]
[Date "2006.10.25"]
[Round "1"]
[White "CampbellMarcel"]
[Black "drterry"]
[Result "1/2-1/2"]
[WhiteElo "1703"]
[BlackElo "1500"]

1. e4 c6 2. d4 d5 3. e5 Bf5 4. Bd3 Bxd3 5. Qxd3 e6 6. Nf3 Qb6 7. O-O Qa6 8. Qd2
Nd7 9. Ng5 Be7 10. a4 c5 11. c3 cxd4 12. cxd4 f6 13. exf6 Ngxf6 14. Re1 Ne4 15.
Nxe4 dxe4 16. Rxe4 O-O 17. Rf4 Qd6 1/2-1/2

[Event "AUTO-OPEN-430"]
[Site "http://www.queenalice.com/game.php?id=121540"]
[Date "2006.10.25"]
[Round "1"]
[White "drterry"]
[Black "CampbellMarcel"]
[Result "1/2-1/2"]
[WhiteElo "1568"]
[BlackElo "1809"]

1. e4 d5 2. exd5 Qxd5 3. Nc3 Qa5 4. a3 Nf6 5. Bc4 Qe5+ 6. Qe2 Nbd7 7. Nb5 Qc5 8.
d3 a6 9. Be3 Qc6 10. Qf3 Qxf3 11. Nxc7+ Kd8 12. Nxf3 Kxc7 13. Bxf7 g6 14. h3 Bg7
15. c3 Rf8 16. Ba2 Nb6 17. O-O Nfd5 18. Bd4 Bxd4 19. Nxd4 e5 20. Nf3 Bf5 21.
Nxe5 Rae8 22. d4 Kb8 23. Rfe1 Nf6 24. Re2 1/2-1/2

[Event "AUTO-OPEN-430"]
[Site "http://www.queenalice.com/game.php?id=121555"]
[Date "2006.10.25"]
[Round "1"]
[White "drterry"]
[Black "Gota"]
[Result "1-0"]
[WhiteElo "1568"]
[BlackElo "1061"]

1. e4 e5 2. Nf3 Bc5 3. Nxe5 Qf6 4. Nf3 g5 5. d4 Bb4+ 6. c3 Ba5 7. Bxg5 Qg6 8.
Bd3 d5 9. exd5 Bf5 10. Qe2+ Kf8 11. Bxf5 Qxf5 12. O-O Nd7 13. Re1 Re8 14. Qxe8+
Kg7 15. a4 Nh6 16. Bxh6+ Kxh6 17. Qxh8 Qxd5 18. Ne5 Nxe5 19. Rxe5 Qb3 20. Qf6#
1-0

[Event "AUTO-OPEN-430"]
[Site "http://www.queenalice.com/game.php?id=121556"]
[Date "2006.10.25"]
[Round "1"]
[White "Gota"]
[Black "drterry"]
[Result "0-1"]
[WhiteElo "1061"]
[BlackElo "1616"]

1. e4 c6 2. Bc4 d5 3. Bb3 dxe4 4. Qh5 g6 5. Qe5 Nf6 6. g4 Bxg4 7. f3 exf3 8.
Nxf3 Bxf3 9. Rf1 Nbd7 10. Qf4 Bg4 11. h3 Bxh3 12. Rh1 Bf5 13. Qc4 Be6 14. Rh4
Bxc4 15. Bxc4 Bg7 16. d4 Qa5+ 17. Kd1 O-O 18. Bg5 Qxg5 19. Rh2 Qg1+ 0-1

[Event "AUTO-ADV-303"]
[Site "http://www.queenalice.com/game.php?id=128983"]
[Date "2006.11.13"]
[Round "1"]
[White "drterry"]
[Black "mfrezman"]
[Result "1-0"]
[WhiteElo "1736"]
[BlackElo "1628"]

1. e4 c5 2. Nf3 Nc6 3. d4 a6 4. dxc5 e5 5. Be3 Nf6 6. Nc3 Be7 7. h3 b5 8. a3 O-O
9. Bd3 Nd4 10. Nxd4 Bxc5 11. Nf5 d5 12. Bxc5 d4 13. Bxf8 dxc3 14. Bb4 Bxf5 15.
exf5 Nd5 16. bxc3 Nf4 17. O-O Qg5 18. Qf3 a5 19. Qxa8+ 1-0

[Event "AUTO-ADV-303"]
[Site "http://www.queenalice.com/game.php?id=128984"]
[Date "2006.11.13"]
[Round "1"]
[White "mfrezman"]
[Black "drterry"]
[Result "0-1"]
[WhiteElo "1615"]
[BlackElo "1794"]

1. Nf3 Nf6 2. d4 d5 3. c4 e6 4. a3 dxc4 5. Nc3 a6 6. Qa4+ b5 7. Nxb5 Bd7 8.
Nxc7+ Qxc7 9. Qc2 Bd6 10. e4 Bf4 11. Bxc4 Bxc1 12. Rxc1 O-O 13. O-O Rc8 14. Qd2
Qb6 15. e5 Nd5 16. Qg5 Qxb2 17. Rb1 Qxa3 18. Bxd5 exd5 19. Rb7 Qd3 20. h3 Qg6
21. Qd2 Bxh3 22. Nh4 Qg4 23. g3 Bxf1 24. Kxf1 Qh3+ 25. Ke2 Qg4+ 26. Nf3 Qe4+ 27.
Kf1 Qxf3 28. Qa2 Rc1# 0-1

[Event "AUTO-ADV-303"]
[Site "http://www.queenalice.com/game.php?id=128985"]
[Date "2006.11.13"]
[Round "1"]
[White "drterry"]
[Black "reginaldox"]
[Result "1-0"]
[WhiteElo "1616"]
[BlackElo "1698"]

1. e4 c5 2. Nf3 g6 3. d4 b6 4. Nc3 Bg7 5. Be3 cxd4 6. Bxd4 Bb7 7. Bxg7 Nf6 8.
Bxh8 Nc6 9. Bxf6 exf6 10. Bc4 Qe7 11. O-O O-O-O 12. Bd5 f5 13. exf5 gxf5 14. Re1
Qf6 15. Qd3 Nb4 16. Bxb7+ Kxb7 17. Rad1 Nxd3 18. Rxd3 Kb8 19. Red1 Qh6 20. Ne5
d6 21. Nxf7 1-0

[Event "AUTO-ADV-303"]
[Site "http://www.queenalice.com/game.php?id=128986"]
[Date "2006.11.13"]
[Round "1"]
[White "reginaldox"]
[Black "drterry"]
[Result "0-1"]
[WhiteElo "1690"]
[BlackElo "1685"]

1. e4 c6 2. c4 d5 3. cxd5 cxd5 4. exd5 Nf6 5. Nf3 Nxd5 6. Bc4 Bg4 7. O-O Nc6 8.
Nc3 Nb6 9. Bxf7+ Kxf7 10. Ng5+ Kg8 11. Qxg4 Qd6 12. Nce4 Qg6 13. d3 h6 14. Qe6+
Qxe6 15. Nxe6 g5 16. f4 g4 17. Bd2 Bg7 18. Rab1 Nd4 19. Nxg7 Kxg7 20. Bc3 Rad8
21. Nc5 Kf7 22. Bxd4 Rxd4 23. Rbd1 Nd7 24. Nxb7 Rb8 25. Na5 Rxb2 26. Nc6 Ra4 27.
Rde1 e6 28. Ne5+ Nxe5 29. fxe5+ Ke7 30. Ra1 Raxa2 31. Rxa2 Rxa2 32. Rd1 a5 33.
Rf1 a4 34. Rb1 a3 35. h3 gxh3 36. gxh3 Rb2 37. Ra1 a2 0-1

[Event "AUTO-ADV-303"]
[Site "http://www.queenalice.com/game.php?id=128987"]
[Date "2006.11.13"]
[Round "1"]
[White "drterry"]
[Black "Penn"]
[Result "0-1"]
[WhiteElo "1826"]
[BlackElo "1708"]

1. e4 c5 2. Nf3 e6 3. d4 d5 4. dxc5 Bxc5 5. exd5 Nf6 6. dxe6 Qxd1+ 7. Kxd1 Bxe6
8. Be3 Bxe3 9. fxe3 Nc6 10. Bb5 Rc8 11. Nc3 O-O 12. a3 a6 13. Bd3 Rfd8 14. Ke2
Re8 15. Rad1 b5 16. h3 Na5 17. Ne4 Nxe4 18. Bxe4 h6 19. Bd3 Nc4 20. Bxc4 Rxc4
21. c3 Re4 22. Kf2 Bb3 23. Rd4 Rxe3 24. Re1 Rxe1 25. Nxe1 Bc4 26. Rd2 f5 27. Nf3
Kf7 28. Nd4 Kf6 29. Nc6 Re6 30. Nb4 a5 31. Nc2 f4 32. Nd4 Re3 0-1

[Event "AUTO-ADV-303"]
[Site "http://www.queenalice.com/game.php?id=128988"]
[Date "2006.11.13"]
[Round "1"]
[White "Penn"]
[Black "drterry"]
[Result "1-0"]
[WhiteElo "1685"]
[BlackElo "1865"]

1. e4 c6 2. d4 d5 3. e5 Bf5 4. g4 Bd7 5. Nc3 Nh6 6. h3 e6 7. Be3 Bb4 8. Nf3 Qa5
9. Qd2 Bxc3 10. bxc3 Na6 11. Bg2 c5 12. O-O Ng8 13. Rfb1 b6 14. Bf1 cxd4 15.
cxd4 Qxd2 16. Bxd2 Nc7 17. a4 Ne7 18. Bb4 h5 19. Bd3 hxg4 20. hxg4 f6 21. Bd6
Rc8 22. Kg2 Ng6 23. Kg3 Kf7 24. a5 Ne8 25. Bb4 b5 26. a6 fxe5 27. dxe5 Ne7 28.
Nd4 Nc6 29. Nxc6 Bxc6 30. Bc5 Ra8 31. Bxb5 Bxb5 32. Rxb5 g5 33. Rb7+ 1-0

[Event "Challenge"]
[Site "http://www.queenalice.com/game.php?id=133030"]
[Date "2006.11.24"]
[Round "-"]
[White "luizpessoa"]
[Black "drterry"]
[Result "0-1"]
[WhiteElo "1629"]
[BlackElo "1768"]

1. e4 c6 2. Nf3 d5 3. e5 Bg4 4. Be2 e6 5. h3 Bxf3 6. Bxf3 Nd7 7. d4 Qb6 8. O-O
c5 9. dxc5 Bxc5 10. Nc3 Bd4 11. Qe2 Bxe5 12. Re1 Bxc3 13. bxc3 Ngf6 14. Bg5 O-O
15. Bxf6 Nxf6 16. Qd3 Rac8 17. Rab1 Qc6 18. c4 Qxc4 19. Rxb7 Qxc2 20. Qxc2 Rxc2
21. Rxa7 Rb8 22. Kh2 Rxf2 23. Rb1 Rf8 24. a4 g5 25. a5 Ra2 26. a6 Kg7 27. Rb6 d4
28. Rd6 Rd2 29. Rxe6 d3 30. Rae7 Ra2 31. Rd6 d2 32. a7 Re8 33. Rc7 Rf8 34. a8=Q
Raxa8 35. Bxa8 Ne8 36. Rxd2 Nxc7 37. Bf3 Ne6 38. Rd7 Rd8 39. Rb7 Rd6 40. Bh5 Nd8
41. Rb5 h6 42. Rf5 Rf6 43. Rd5 Ne6 44. Bf3 Rf4 45. Re5 Rb4 46. Rf5 Rf4 47. Rxf4
Nxf4 48. Kg3 Kg6 49. Kg4 h5+ 50. Kg3 h4+ 51. Kg4 f5# 0-1

[Event "AUTO-OPEN-430"]
[Site "http://www.queenalice.com/game.php?id=167267"]
[Date "2007.2.11"]
[Round "2"]
[White "diablero"]
[Black "drterry"]
[Result "1-0"]
[WhiteElo "1993"]
[BlackElo "1725"]

1. d4 d5 2. c4 e6 3. Nc3 Nf6 4. Bg5 Be7 5. Nf3 Ne4 6. Bxe7 Qxe7 7. Qc2 Nxc3 8.
bxc3 Nd7 9. e3 dxc4 10. Bxc4 O-O 11. O-O e5 12. Bd3 h6 13. Rfe1 exd4 14. exd4
Qf6 15. Rab1 b6 16. Be4 Rb8 17. Re3 Bb7 18. Bxb7 Rxb7 19. Rbe1 Rbb8 20. Re7 Rbd8
21. Qa4 Nb8 22. Rxc7 a6 23. Ne5 Rfe8 24. Re3 1-0

[Event "AUTO-OPEN-430"]
[Site "http://www.queenalice.com/game.php?id=167268"]
[Date "2007.2.11"]
[Round "2"]
[White "drterry"]
[Black "diablero"]
[Result "1-0"]
[WhiteElo "1814"]
[BlackElo "2031"]

1. e4 c5 2. Nf3 d6 3. d4 cxd4 4. Nxd4 Nf6 5. Nc3 e6 6. Bg5 Be7 7. f4 h6 8. Bxf6
Bxf6 9. Bc4 Nc6 10. Nxc6 bxc6 11. e5 Be7 12. exd6 Bxd6 13. Qc1 Qf6 14. Bd3 Bxf4
15. Qd1 O-O 16. O-O Qd4+ 17. Kh1 f5 18. Ne2 1-0

[Event "AUTO-OPEN-430"]
[Site "http://www.queenalice.com/game.php?id=167273"]
[Date "2007.2.11"]
[Round "2"]
[White "drterry"]
[Black "grandeuberlandia"]
[Result "0-1"]
[WhiteElo "1866"]
[BlackElo "2262"]

1. e4 d5 2. exd5 Nf6 3. d4 Nxd5 4. c4 Nb6 5. Nc3 g6 6. Nf3 Bg7 7. Be3 O-O 8. Qd2
Be6 9. b3 Re8 10. Bh6 Bf6 11. Be2 Bg4 12. Rd1 Nc6 13. Be3 e5 0-1

[Event "AUTO-OPEN-430"]
[Site "http://www.queenalice.com/game.php?id=167274"]
[Date "2007.2.11"]
[Round "2"]
[White "grandeuberlandia"]
[Black "drterry"]
[Result "1-0"]
[WhiteElo "2263"]
[BlackElo "1865"]

1. d4 d5 2. Nf3 Nf6 3. Bg5 e6 4. c4 Be7 5. Nc3 O-O 6. e3 c6 7. Qc2 Nbd7 8. Rc1
dxc4 9. Bxc4 Nd5 10. Bxe7 Qxe7 11. O-O Nxc3 12. Qxc3 Nb6 13. Bd3 Bd7 14. Qc2 h6
15. Rfd1 1-0